Manual para la elaboración de material didáctico /

Guardado en:
Autor Principal: Heredia Ancona, Bertha
Formato: Libro
Publicado: México : Trillas, 1983
Materias:
Etiquetas: Agregar Etiqueta
Sin Etiquetas, Sea el primero en etiquetar este registro!
LEADER 00835nam a22001935a 4500
001 CEM.cems003211
005 20060221000000.0
008 130507s1983##################000#0#####d
003 CEMS
082 0 4 |a 371.33 
100 1 |a Heredia Ancona, Bertha 
245 1 0 |a Manual para la elaboración de material didáctico /  |c Bertha Heredia Ancona 
260 |a México :  |b Trillas,  |c 1983 
300 |a 176 p. 
505 0 |a Introducci¢n a la ense¤anza abierta.- La articulaci¢n y estructuraci¢n de los contendos de la ense¤anza.- La especificaci¢n de los objetivos de aprendizaje.- El an lisis del contenido.- La elaboraci¢n de reactivos.- La conversi¢n del contenido formal en contenido did ctico.- 
653 |a Educacion 
653 |a Didactica 
653 |a Material didactico 
859 |a CEMS  |b BIB. CEMS - 11 de abril  |h 371.33  |i H42  |p 16495.92  |t Ej.1